Preliminary studies on preparation of lubricating greases from bleached rubber seed oil (Record no. 47382)

MARC details
000 -LEADER
fixed length control field 00894nam a2200169Ia 4500
100 ## - MAIN ENTRY--AUTHOR NAME
Personal name Njoku O U
245 #0 - TITLE STATEMENT
Title Preliminary studies on preparation of lubricating greases from bleached rubber seed oil
520 ## - SUMMARY, ETC.
Summary, etc Rubber seed oil was extracted from seeds of three clones (Tjir 1, RRIM 501 and RRIM 601).Rubber seed oil was extracted using petroleum ether (40-60o C) from fresh seeds. Physical and chemical characteristics of bleached oil were determined. Lubricating greases were prepared from the oils. It is observed that the texture and colour of the greases were comparable. Storage period had a marked effect on the texture of the grease produced.
650 ## - SUBJECT ADDED ENTRY--TOPICAL TERM
Topical Term Bleaching
650 ## - SUBJECT ADDED ENTRY--TOPICAL TERM
Topical Term Lubricating greases
650 ## - SUBJECT ADDED ENTRY--TOPICAL TERM
Topical Term Rubber seed
650 ## - SUBJECT ADDED ENTRY--TOPICAL TERM
Topical Term Rubber seed oil
650 ## - SUBJECT ADDED ENTRY--TOPICAL TERM
Topical Term Saponification
700 ## - ADDED ENTRY--PERSONAL NAME
Personal name Ononogbu I C
942 ## - ADDED ENTRY ELEMENTS (KOHA)
Koha item type Bibliography RLSE
Holdings
Withdrawn status Lost status Damaged status Not for loan Home library Current library Date acquired Koha item type
      Bibliography RRII Library RRII Library 31/12/2021 Bibliography RLSE